000 004360000a22001690004500
003 MACL
005 20151229145137.0
008 151229b xxu||||| |||| 00| 0 eng d
040 _aMACL
_cMACL
041 _aEnglish
082 _a100/GUP
100 _aGupta, Nolini Kanta
_923971
245 _aThe Yoga of Sri Aurobindo
260 _bSri Aurobindo Ashram
_c1953
_aPondichery
650 _aPhilosophy
_923972
942 _cBK
_k100/GUP
_2ddc
999 _c34620
_d34620